女演員猜人! - Statistics

General Stats
  • This quiz has been taken 45 times
  • The average score is 25 of 56
Answer Stats
Picture Answer % Correct
柯佳嬿
100%
林志玲
92%
郭雪芙
73%
蔡黃汝
65%
林予晞
62%
宋芸樺
62%
任家萱
62%
賈靜雯
59%
李千娜
59%
安心亞
57%
隋棠
57%
徐熙媛
57%
徐熙娣
57%
陳妍希
54%
天心
54%
許瑋甯
54%
陳嘉樺
51%
任容萱
51%
謝欣穎
49%
楊謹華
49%
劉品言
49%
陳庭妮
49%
王淨
49%
邵雨薇
49%
曾之喬
49%
安以軒
46%
謝盈萱
46%
蔡淑臻
46%
陳喬恩
46%
夏于喬
46%
陳意涵
46%
房思瑜
43%
桂綸鎂
43%
李佳穎
41%
張鈞甯
41%
魏蔓
41%
周曉涵
38%
李毓芬
38%
賴雅妍
35%
簡嫚書
32%
林思宇
32%
洪小鈴
32%
洪詩
32%
方志友
32%
賴琳恩
30%
朱芯儀
30%
關穎
30%
邱子芯
30%
張景嵐
27%
賴薇如
27%
連俞涵
27%
伊能靜
24%
程予希
24%
梁以辰
22%
溫貞菱
22%
林青霞
22%
No matching quizzes found
Score Distribution
Percent of People with Each Score
Percentile by Number Answered
Your Score History
You have not taken this quiz